A05_生産年齢人口割合TOP100の市区町村 - Statistics

General Stats
  • This quiz has been taken 24 times
  • The average score is 73 of 100
Answer Stats
順位 都道府
県名
種類 生産年齢
人口割合
(%)
市町村名 % Correct
12 東京都 特別区 67.14 港区
95%
19 東京都 特別区 65.17 江東区
95%
30 東京都 特別区 64.39 江戸川区
95%
31 東京都 特別区 64.00 新宿区
95%
1 東京都 71.66 小笠原村
91%
3 東京都 特別区 69.97 豊島区
91%
4 東京都 特別区 69.76 千代田区
91%
7 東京都 特別区 68.35 目黒区
91%
8 千葉県 68.19 浦安市
91%
9 東京都 特別区 67.68 世田谷区
91%
10 東京都 特別区 67.61 台東区
91%
13 東京都 特別区 67.13 中野区
91%
20 神奈川県 65.09 川崎市
91%
21 千葉県 65.05 市川市
91%
24 東京都 特別区 64.74 北区
91%
29 東京都 特別区 64.39 杉並区
91%
34 東京都 特別区 63.66 文京区
91%
35 東京都 特別区 63.60 練馬区
91%
36 東京都 特別区 63.58 大田区
91%
39 埼玉県 63.43 草加市
91%
42 東京都 特別区 63.25 渋谷区
91%
43 東京都 63.17 立川市
91%
47 東京都 特別区 63.11 葛飾区
91%
50 東京都 63.01 国分寺市
91%
51 東京都 62.97 三鷹市
91%
52 東京都 特別区 62.96 板橋区
91%
57 埼玉県 62.82 川口市
91%
2 東京都 特別区 71.65 中央区
86%
5 東京都 69.23 青ヶ島村
86%
6 埼玉県 68.36 和光市
86%
14 埼玉県 66.50 朝霞市
86%
15 三重県 66.42 川越町
86%
27 東京都 特別区 64.54 品川区
86%
46 東京都 63.14 調布市
86%
49 千葉県 63.01 習志野市
86%
54 埼玉県 62.92 八潮市
86%
68 埼玉県 62.02 さいたま市
86%
77 埼玉県 61.60 越谷市
86%
98 千葉県 61.31 松戸市
86%
11 東京都 特別区 67.49 墨田区
82%
17 埼玉県 65.33 蕨市
82%
22 東京都 特別区 64.91 荒川区
82%
37 東京都 63.47 武蔵野市
82%
48 東京都 63.01 府中市
82%
55 東京都 62.90 国立市
82%
64 東京都 62.18 西東京市
82%
70 愛知県 61.95 豊田市
82%
74 千葉県 61.68 船橋市
82%
97 神奈川県 61.32 横浜市
82%
53 富山県 62.93 舟橋村
77%
59 愛知県 62.68 刈谷市
77%
65 東京都 62.17 狛江市
77%
83 千葉県 61.50 成田市
77%
16 埼玉県 66.03 戸田市
73%
25 愛知県 64.71 知立市
73%
32 滋賀県 63.90 栗東市
73%
40 北海道 63.36 千歳市
73%
72 東京都 61.69 福生市
73%
89 宮城県 61.37 仙台市
73%
33 東京都 63.85 小金井市
68%
38 東京都 63.47 御蔵島村
68%
45 群馬県 63.14 大泉町
68%
56 石川県 62.86 野々市市
68%
61 東京都 62.46 稲城市
68%
88 愛知県 61.40 小牧市
68%
94 埼玉県 61.34 志木市
68%
26 愛知県 64.61 みよし市
64%
41 愛知県 63.31 安城市
64%
63 香川県 62.23 宇多津町
64%
73 大阪府 61.68 田尻町
64%
75 三重県 61.67 朝日町
64%
82 千葉県 61.54 八千代市
64%
87 福岡県 61.42 福岡市
64%
90 愛知県 61.36 大府市
64%
92 愛知県 61.35 東海市
64%
95 神奈川県 61.34 大和市
64%
18 山梨県 65.30 忍野村
59%
62 青森県 62.41 六ヶ所村
59%
44 福岡県 63.15 粕屋町
55%
60 山梨県 62.64 昭和町
55%
66 北海道 62.12 猿払村
55%
81 栃木県 61.59 上三川町
55%
84 愛知県 61.49 半田市
55%
93 埼玉県 61.34 吉川市
55%
23 北海道 64.85 占冠村
50%
28 愛知県 64.50 高浜市
50%
58 茨城県 62.71 神栖市
50%
79 宮城県 61.59 富谷市
50%
86 岐阜県 61.44 瑞穂市
50%
76 沖縄県 61.62 浦添市
45%
85 愛知県 61.45 碧南市
45%
69 北海道 61.96 留寿都村
41%
71 沖縄県 61.86 北大東村
41%
80 栃木県 61.59 高根沢町
41%
91 石川県 61.36 津幡町
41%
78 岐阜県 61.59 岐南町
36%
99 愛知県 61.31 幸田町
36%
96 愛知県 61.32 大治町
32%
100 沖縄県 61.30 恩納村
32%
67 長野県 62.09 川上村
23%
No matching quizzes found
Score Distribution
Percent of People with Each Score
Percentile by Number Answered
Your Score History
You have not taken this quiz